000 00553nam a22001937a 4500
005 20251108165344.0
008 250721s1993 xx 000 0 ara d
020 _a9960200027
082 1 4 _a907.202/عشم
100 1 _aالعشماوي، عبد الرحمن
245 1 0 _aوقفة مع جورجي زيدان /
264 1 _aالرياض :
_bمكتبة الكعبيان،
_c1993.
300 _a88ص
650 1 7 _aالكتابة التاريخية
650 1 7 _aالتراجم
650 1 7 _aالتاريخ
942 _2ddc
_cBK
999 _c25898
_d25898